00741nam a22001577a 45000010008000000030009000080050017000170070008000340080045000420200015000870400022001022450126001242600042002503000034002925000257003260002358DO-SdBNP20180222125231.00002358160309b 2000 xxu||||| |||| 00| 0 spa d a0787256501 aBPMSUbspacBPMSU10aMath trailblazers : bun viaje matemático usando la ciencia y las artes del lenguaje : libro de aventuras, 3er. grado / aDubuque, Iowa :bKendall/Hunt, c2000 aix, 327 p. : bil. ;c28 cm.  a"Un programa TIMS de la University of Illinois at Chicago." "El presente material está basado en trabajos apoyados por la National Science Foundation bajo la subvención no. MDR 9050226 y por la University of Illinois at Chicago."--Title page verso.